000 00706nam a2200289Ia 4500
005 20260324124934.0
008 008 260324s9999 xx 000 0 eng d
020 _a9780203883648
037 _aEBOOK
040 _aCRL
040 _beng
040 _cCRL
041 _2eng
041 _aeng
084 _qCRL
100 _aMarkus Dressler; Ron Geaves; Gritt Klinkhammer
_91176080
245 0 _aSufis in Western Society
245 0 _bGlobal networking and locality
260 _bTaylor and Francis
260 _c2009
365 _a
365 _b280
856 _uhttp://www.taylorfrancis.com/books/9780203883648
942 _cEBOOK
999 _c1770897
_d1770897